Menumpang gerimis

Bibliographic Details
Main Author: Anis Shahira Hashim
Format: Book
Published: Kuala Lumpur : Utusan Publications & Distributors , 2004
Subjects:

MARC

LEADER 00000cam a2200000 7i4500
001 0000011581
005 20071115.0
008 071115
020 |a 967611524X 
090 0 0 |a ANI   |b MAL 
100 0 |a Anis Shahira Hashim 
245 1 0 |a Menumpang gerimis   |c Anis Shahira Hashim 
260 |a Kuala Lumpur :   |b Utusan Publications & Distributors ,   |c 2004 
650 0 |a Novel 
999 |a 0000934852   |b Book   |c Adult Collection   |e Cawangan Tangkak 
999 |a 0000934854   |b Book   |c Adult Collection   |e Cawangan Tangkak 
999 |a 0000939838   |b Book   |c Adult Collection   |e Cawangan Taman Sri Lambak 
999 |a 0000939839   |b Book   |c Adult Collection   |e Cawangan Taman Sri Lambak 
999 |a 0001001752   |b Book   |c Adult Collection   |e Perbadanan Perpustakaan Awam Johor 
999 |a 0001001753   |b Book   |c Adult Collection   |e Cawangan Urban Transformation Centre 
999 |a 0001029624   |b Book   |c Adult Collection   |e Perbadanan Perpustakaan Awam Johor 
999 |a 0001029626   |b Book   |c Adult Collection   |e Perbadanan Perpustakaan Awam Johor